000 01053nam a2200313Ic 4500
001 60834
003 CO-BoRNBP
005 20260320211220.0
007 ta
008 210812r20082013mx a er 000 0dspa d
020 _a9786071600158
040 _aCO-BoRNBP
_bspa
_erda
_cCO-BoRNBP
041 0 _aspa
082 0 4 _aM864.6
_bM65e
_222
100 1 0 _aMonsiváis, Carlos,
_d1938-2010
_eaut
_969537
245 1 0 _aEscribir, por ejemplo :
_b(de los inventores de la tradición) /
_cCarlos Monsiváis.
250 _aPrimera edición
264 1 _aMéxico :
_bFondo de Cultura Económica,
_c2013
300 _a348 páginas :
_bilustraciones, fotografías
336 _atexto
_btxt
_2rdacontent
337 _asin mediación
_bn
_2rdamedia
338 _avolumen
_bnc
_2rdacarrier
490 0 _aTezontle
521 _aRecomendado para un público adulto
545 _aIncluye datos biográficos del autor en la solapa
650 1 7 _aEnsayos mexicanos
_2lemb
_969538
650 1 7 _aLiteratura mexicana
_xHistoria y crítica
_ySiglo XX
_2rnbp
_969539
942 _2ddc
_cBK
999 _c60834
_d60834